Vida de gloriosa señora Santa Gertrudis la magna virgen purísima una de las más queridas esposas de Jesucristo,...

Detalles Bibliográficos
Autor principal: ANDRADE, Alonso de
Formato: Libro
Materias:
Colección:Banco de datos
Acervo:Biblioteca del Convento de Santa Mónica de la Ciudad de Puebla. Puebla
Tema general:Hagiografía
Notas:Regular. Ex libris manuscrito de Ana Gertrudis. F3, 9.
LEADER 00708nam a22001930004500
035 |a 52001 
036 |a 1769 
100 1 |a ANDRADE, Alonso de 
245 1 0 |a Vida de gloriosa señora Santa Gertrudis la magna virgen purísima una de las más queridas esposas de Jesucristo,... 
260 |b ed. Alonso Andrade 
500 |a Regular. Ex libris manuscrito de Ana Gertrudis. F3, 9. 
650 1 0 |a Hagiografía 
949 |a CRP-SM 
959 |a Ex convento de Santa Mónica. Puebla, Puebla  |b CCC5 
960 |a Convento de Santa Mónica de la ciudad de Puebla  |b DD88 
961 |a Franciscana  |b OF 
942 |c CRP-SM 
943 |g Biblioteca del Convento de Santa Mónica de la Ciudad de Puebla. Puebla 
999 |c 962339  |d 962339